|
|
|
|
| LEADER |
01024nam a2200277 u 4500 |
| 001 |
10030666 |
| 003 |
upatras |
| 005 |
20210117210045.0 |
| 008 |
991022s1992 uk eng |
| 020 |
|
|
|a 0521394759
|
| 040 |
|
|
|a GR-PaULI
|c GR-PaULI
|
| 041 |
0 |
|
|a eng
|
| 082 |
0 |
4 |
|a 425
|
| 100 |
1 |
|
|a Meyer, Charles F.
|9 18968
|
| 245 |
1 |
0 |
|a Apposition in contemporary english
|c Charles F. Meyer
|
| 260 |
|
|
|a Cambridge
|b Cambridge University Press
|c 1992
|
| 300 |
|
|
|a xiv, 152 p.
|c 24 cm.
|
| 490 |
0 |
|
|a Studies in english language
|
| 504 |
|
|
|a Includes bibliographical references and index
|
| 650 |
|
4 |
|a Αγγλική γλώσσα
|x Γραμματική
|9 1673
|
| 760 |
0 |
|
|a Studies in english language
|
| 852 |
|
|
|a GR-PaULI
|b ΠΑΤΡΑ
|b ΒΚΠ
|b ΒΣ1
|k ΑΣΧΞ
|h 425 M
|m 052058
|p 025000067856
|t 1
|
| 942 |
|
|
|2 ddc
|c BK15
|
| 952 |
|
|
|0 0
|1 0
|4 0
|6 425_000000000000000_M
|7 0
|9 199934
|a LISP
|b LISP
|c BSC
|d 2016-04-24
|i 052058
|l 0
|o 425 M
|p 025000067856
|r 2016-04-24 00:00:00
|t 1
|w 2016-04-24
|y BK15
|
| 998 |
|
|
|c ΣΥΨΑ
|d 1999-10
|
| 999 |
|
|
|c 122562
|d 122562
|